000 00946cai a22001815a 4500
001 L138007
008 070511u xxk g 000 0 eng d
035 _a(Sirsi) u138007
041 0 _aeng
110 2 _aConstructionSkills
_95077
245 0 0 _aConstructionSkills migrant workers
520 _aProvides support to UK construction employers who employ migrant workers. Information and resources cover the following areas: workers' skills, including routes to qualification, UK competence standards and card schemes; recruitment essentials such as employment law, workers rights, and induction; and health and safety best practice on site. Also contains details of training courses and relevant publications.
590 _aKA NTK
651 4 _aUnited Kingdom
_y
690 _aBUILT ENVIRONMENT
856 4 0 _uhttps://www.constructionmigrantworkers.co.uk/
_zView the website free of charge at www.constructionmigrantworkers.co.uk...
942 _n0
999 _c120596
_d120596